000 01705aam a2200289 i 4500
999 _c36247
_d36247
001 768714001
003 CO-MdFUSB
005 20200810140739.0
007 ta
008 200810r1979 -us |||| |||| 00| 0 spa d
020 _a0829708774
040 _bspa.
_aCO-MdFUSB
_cCO-MdFUSB
_dCO-MdFUSBC
_erda
041 _aspa
082 0 4 _223
_a250
_bE239b
245 1 3 _aLa brújula para el ministro evangélico :
_bpor 23 destacados dirigentes evangélicos de la América latina
_c/
264 1 _aEstados Unidos :
_bVida,
_c[1979]
264 4 _c© 1979
300 _a323 Páginas
_c; 22 cm
336 _atexto
_btxt
_2rdacontent
337 _2rdamedia
_asin mediación
_bn
338 _2rdacarrier
_avolumen
_bnc
505 _aEl ministro ora en privado. -- El carácter del ministro. -- La mente del ministro. -- La salud física del ministro. -- El ministro y su hogar. --La esposa del ministro. -- Las finanzas personales del ministro. -- Las relaciones humanas. -- La visitacion del ministro. -- Asesoramiento espiritual. -- La ética ministerial. -- El ministro en las reuniones públicas. -- El ministro y la música en la iglesia. -- El ministro aprovecha los días especiales. -- El ministro oficia las ceremonias eclesiásticas. -- El ministro, forjador de obreros. -- El ministro y la disciplina. -- El ministro trabaja con los demás oficiales. -- El ministro y la administración de las finanzas. -- El ministro anima a la iglesia a evangelizar. -- El papel del ministro en el establecimiento de obras nuevas. -- El trabajo social de la iglesia visto por el ministro. -- El ministro en su comunidad.
563 _aRústico
650 7 _aTeología pastoral
_9227
942 _cBK
945 _aJTF-925